Kitāb al-fiqh ʻalá al-madhāhib al-arbaʻah, (Record no. 47776)

MARC details
000 -LEADER
fixed length control field 00964cam a22002411 4500
001 - CONTROL NUMBER
control field ne 64003565
003 - CONTROL NUMBER IDENTIFIER
control field DLC
005 - DATE AND TIME OF LATEST TRANSACTION
control field 20260227111809.0
008 - FIXED-LENGTH DATA ELEMENTS--GENERAL INFORMATION
fixed length control field 890824m19641969ua 000 0 arar
010 ## - LIBRARY OF CONGRESS CONTROL NUMBER
LC control number ne 64003565
035 ## - SYSTEM CONTROL NUMBER
System control number (OCoLC)20243639
040 ## - CATALOGING SOURCE
Original cataloging agency DLC
Transcribing agency CU
Modifying agency CU
-- DLC
042 ## - AUTHENTICATION CODE
Authentication code premarc
050 00 - LIBRARY OF CONGRESS CALL NUMBER
Classification number LAW <Islam 7 Jazi 1964->
100 1# - MAIN ENTRY--PERSONAL NAME
Personal name Jazīrī, ʻAbd al-Raḥmān.
245 10 - TITLE STATEMENT
Title Kitāb al-fiqh ʻalá al-madhāhib al-arbaʻah,
Statement of responsibility, etc. taʼlīf ʻAbd al-Raḥmān al-Jazīrī.
260 ## - PUBLICATION, DISTRIBUTION, ETC.
Place of publication, distribution, etc. al-Qāhirah,
Name of publisher, distributor, etc. al-Maktabah al-Tijārīyah al-Kubrá,
Date of publication, distribution, etc. [1964-1969]
300 ## - PHYSICAL DESCRIPTION
Extent 4 v.
Dimensions 28 cm.
500 ## - GENERAL NOTE
General note This set is made up of various editions.
500 ## - GENERAL NOTE
General note A revised ed. of kitāb al-fiqh ʻalá al-madhāhib al-arbaʻah, vol. 1 of which was originally issued by the ministry of waqfs in 1928.
505 0# - FORMATTED CONTENTS NOTE
Formatted contents note Juzʼ 1. qism al-ʻibādāt -- juzʼ 2,3. qism al-muʻāmalāt -- juzʼ 4. qism al-aḥwāl al-shakhṣīyah.
650 #0 - SUBJECT ADDED ENTRY--TOPICAL TERM
Topical term or geographic name entry element Islamic law.

No items available.

Powered by Koha